[Event "Kingston Wheeler op"]
[Site "Kingston"]
[Date "2013.05.26"]
[Round "4"]
[White "Brown, Scott"]
[Black "Hinds, Nathan"]
[Result "0-1"]
[WhiteElo "1578"]
[BlackElo "1895"]
[PlyCount "104"]
[EventDate "2013.05.25"]
[EventType "swiss"]
[EventRounds "5"]
[EventCountry "JAM"]
[SourceTitle "EXT 2015"]
[Source "ChessBase"]
[SourceDate "2014.11.20"]
[SourceVersion "1"]
[SourceVersionDate "2014.11.20"]
[SourceQuality "1"]

1. e4 c6 2. d4 d5 3. exd5 cxd5 4. c3 Nf6 5. Bd3 g6 6. Nf3 Nc6 7. h3 Bd7 8. Bf4 Bg7 9. Nbd2 0-0 10. 0-0 Qc8 11. Re1 Nh5 12. Bh2 Bh6 13. Bf1 Bf4 14. Ne5 Bxh2+ 15. Kxh2 Qc7 16. Kg1 f6 17. Nxd7 Qxd7 18. Nb3 b6 19. Qd2 Qd6 20. Qh6 e5 21. g3 e4 22. c4 Rae8 23. Rac1 Ne7 24. Qd2 Nf5 25. Bg2 e3 26. fxe3 Qxg3 27. Qf2 Qg5 28. cxd5 Nh4 29. Kh2 Nf5 30. e4 Nh4 31. Rg1 f5 32. Bh1 Qd8 33. e5 f4 34. d6 f3 35. Rg4 Nf5 36. Bxf3 Nxd6 37. Qe3 Nf5 38. Qg1 Kh8 39. Rg5 Nxd4 40. Nxd4 Rf4 41. Bxh5 Rxd4 42. Be2 Rd2 43. Re1 Qd3 44. Rg2 Qf5 45. Qf2 Qxe5+ 46. Kh1 Qxb2 47. Qf1 Qc3 48. Bc4 Qxh3+ 49. Kg1 Rxg2+ 50. Qxg2 Rxe1+ 51. Kf2 Qxg2+ 52. Kxg2 Rc1 0-1